000 00598nam a2200193 a 4500
001 000042460
005 20201002040154.0
008 131203s1999 sp 000 0 spa d
020 _a8489854858
040 _aDO-SdBNP
_bspa
_cBNPHU
082 _axxx
_bxxx
100 1 _aCliment, Paco
_969627
245 1 3 _aEl aprendiz de Stanley /
_cPaco Climent.
260 _aBarcelona :
_bEdiciones del Bronce,
_c1999.
300 _a131 p. ;
_c21 cm.
490 1 _aJóvenes del bronce
_v6
500 _aIncluye datos biográficos del autor en la solapa de la cubierta
830 0 _aJóvenes del bronce
_n6
_969628
999 _c41949
_d41949